01320nam a2200277 4500001000800000003000400008005001700012007000400029008000400033010001700037020001500054040001900069043001200088050002000100082001400120245040900134260017000543300002900713504002900742650004200771650003600813700002200849710006600871710005500937710005000992338365400020150429160609.0000000 a 88026116  a0933595182 aUOELcDLCdDLC aa------00aSB172b.I5 198800a634.921900aMultipurpose tree species for small-farm use :bproceedings of an international workshop held November 2-5, 1987, in Pattaya, Thailand /ceditors, Dale Withington ... [et al.] ; co-sponsors, Winrock International Institute for Agricultural Development, International Development Research Centre of Canada, Food and Agriculture Organization of the United Nations, Regional Office for Asia and the Pacific. aArlington, Va. :bWinrock International Institute for Agricultural Development, USA ;aOttawa, Canada :bInternational Development Research Centre of Canada,cc1988. a282 p. :bill. ;c24 cm. aIncludes bibliographies. 0aMultipurpose treeszAsiaxCongresses. 0aFarms, SmallzAsiaxCongresses.1 aWithington, Dale.2 aWinrock International Institute for Agricultural Development.2 aInternational Development Research Centre (Canada)2 aFAO Regional Office for Asia and the Pacific.